| 000 | 00401nam a2200157Ia 4500 | ||
|---|---|---|---|
| 008 | 130318s9999 xx 000 0 und d | ||
| 020 | _a8173713065 | ||
| 082 | _a658.4022 HAR/W | ||
| 100 | _aHardingham, Alison | ||
| 245 | _aWorking in teams | ||
| 260 |
_bUniversities Press _aHyderabad _c2000 |
||
| 300 | _a59 | ||
| 440 | _aManagement Shapers | ||
| 650 | _aEXECUTIVE MANAGEMENT | ||
| 650 | _aWORK TEAMS | ||
| 999 |
_c197 _d197 |
||